| 000 | 01049cab a2200241 4500 | ||
|---|---|---|---|
| 001 | ABS47057 | ||
| 008 | 090401t1992 xxu||||| |||| 00| 0 eng d | ||
| 035 | _a(Sirsi) u60629 | ||
| 041 | _aeng | ||
| 100 | _aCalpin, D. | ||
| 245 | _aNor just hot air in the fight for clean air | ||
| 260 | _c1992 | ||
| 350 | _a0 | ||
| 490 |
_aMunicipal Journal _v(37) 17 September 1992, 27-29(2) |
||
| 520 | _aReports on Middlesbrough DC`s efforts to help its industries conform to the Environmental Protection Act 1990 including a four page guide summarising the Act, instructions on how to apply for authorisation, right of appeal and a detailed breakdown on the local air pollution service, a network of monitoring stations to check on air quality levels and encouraging council staff to reduce their personal use of cars. | ||
| 650 | _aAIR QUALITY | ||
| 650 | _aENVIRONMENTAL PROTECTION ACT 1990 | ||
| 650 | _aMIDDLESBROUGH DC | ||
| 650 | _aMONITORING STATIONS | ||
| 690 | _aENVIRONMENTAL AND LAND CONSULTANCY | ||
| 942 | _n0 | ||
| 948 | _c04/03/1997 | ||
| 999 |
_c37437 _d37437 |
||